| 000 | 01281nam a2200253 i 4500 | ||
|---|---|---|---|
| 001 | 114784 | ||
| 003 | ES-MaACL | ||
| 005 | 20260406124813.0 | ||
| 007 | t| | ||
| 008 | 070327s1913 sp f |||| | spa d | ||
| 100 | 1 |
_aRíos, Blanca de los, _d1859-1956 _997357 |
|
| 245 | 1 | 0 |
_aInflujo de la mística, de Santa Teresa singularmente, sobre nuestro grande arte nacional _b: conferencia leída el 20 de febrero de 1913 por su autora Blanca de los Ríos de Lampérez en la Real Academia de Jurisprudencia a beneficio de la Sección de Protección al trabajo de la mujer. |
| 260 |
_aMadrid : _bUnión de Damas Españolas, _c[1913] ( _fHijos de M. G. Hernández) |
||
| 300 |
_a57 p. : _b1 retr. ; _c17 cm. |
||
| 530 | _aDisponible en formato digital. | ||
| 600 | 0 | 4 |
_aTeresa de Jesús, _cSanta, _d1515-1582- _xCrítica e interpretación _9109738 |
| 650 |
_aMisticismo- _xEn el arte. _915088 |
||
| 700 |
_aReal Academia de Jurisprudencia y Legislación de España _9217612 |
||
| 710 | 2 |
_aUnión de Damas Españolas. _97009 |
|
| 852 |
_aES-MaACL _j1549-F-9 _9119090 _cDEPOF _zRevisado enlace: 28 de Marzo de 2025. |
||
| 856 | 4 |
_uhttp://bibliotecadigital.jcyl.es/i18n/consulta/registro.cmd?id=1856 _yBiblioteca Digital de Castilla y León |
|
| 942 | _2udc | ||
| 999 |
_c114784 _d114784 |
||